[Event "Leipzig VfB op 24th"]
[Site "Leipzig"]
[Date "2017.03.25"]
[Round "9"]
[White "Brandt, Wolfgang"]
[Black "Krongraf, Henryk"]
[Result "1/2-1/2"]
[WhiteElo "1699"]
[BlackElo "1736"]
[PlyCount "61"]
[EventDate "2017.03.21"]
[EventType "swiss"]
[EventRounds "9"]
[EventCountry "GER"]
[SourceTitle "EXT 2018"]
[Source "ChessBase"]
[SourceDate "2017.10.13"]
[SourceVersion "1"]
[SourceVersionDate "2017.10.13"]
[SourceQuality "1"]

1. d4 d6 2. Nf3 f5 3. g3 Nf6 4. Bg2 g6 5. 0-0 Bg7 6. c4 0-0 7. Nc3 Nc6 8. e3 e5 9. dxe5 dxe5 10. Qb3 Kh8 11. Rd1 Qe7 12. Nd5 Nxd5 13. cxd5 Na5 14. Qb5 b6 15. Ne1 a6 16. Qe2 e4 17. Rb1 b5 18. b3 Rd8 19. Nc2 c6 20. Bd2 Qc7 21. dxc6 Nxc6 22. Rdc1 Bb7 23. Nb4 Qd6 24. Nxc6 Qxd2 25. Qxd2 Rxd2 26. Nb4 a5 27. Nc2 Rc8 28. Na3 Rxc1+ 29. Rxc1 Bb2 30. Rc7 Ba6 31. Rc6 1/2-1/2